000 01178cam a2200349 i 4500
999 _c3899
_d3899
001 17982873
003 OSt
005 20241119092056.0
008 131227s2014 nyua 000 0 eng
010 _a 2013050585
020 _a9780134280813
040 _aDLC
_beng
_cDLC
_erda
_dDLC
_dKH8
042 _apcc
082 0 0 _a428.24 FRA
_223
100 1 _aFrazier, Laurie,
_eauthor.
245 1 0 _aNorthstar
_n2 :
_bListening and speaking /
_cAuthors : Laurie Frazier, Robin Mills.
246 3 _aNorthstar two
246 3 0 _aListening and speaking
250 _aFourth Edition. /
_bFrazier, Laurie.
264 1 _aWhite Plains, NY :
_bPearson Education,
_c[2015]
300 _axix, 215 pages :
_bcolor illustrations ;
_c26 cm
336 _atext
_2rdacontent
337 _aunmediated
_2rdamedia
338 _avolume
_2rdacarrier
650 0 _aEnglish language
_vTextbooks for foreign speakers.
650 0 _aEnglish language
_xSpoken English
_vProblems, exercises, etc.
650 0 _aListening
_vProblems, exercises, etc.
700 1 _aMills, Robin,
_d1962-
_eauthor.
700 1 _aBoyd, Frances,
_eseries editor.
700 1 _aNumrich, Carol,
_eseries editor.
942 _2ddc
_cTR